| 000 | 01147nam a22002177a 4500 | ||
|---|---|---|---|
| 003 | OSt | ||
| 005 | 20260223045140.0 | ||
| 008 | 260223b |||||||| |||| 00| 0 eng d | ||
| 020 | _a9780316040853 | ||
| 040 |
_aDWCL GS lib _cOC |
||
| 082 |
_2[First Edition] _aFic. B742t 2009 |
||
| 100 | _aBosch, Pseudonymous | ||
| 245 |
_aTHIS BOOK IS NOT GOOD FOR YOU _cPseudonymous Bosch |
||
| 260 |
_aUnited States _bLittle, Brown Books and Company _cc2009. |
||
| 300 |
_avii, 394 pages: _billustrations ; _c23cm. |
||
| 520 | _aThis Book Is Not Good for You by Pseudonymous Bosch is the third installment in The Secret Series, featuring Cass, Max-Ernest, and Yo-Yoji on a mission to rescue Cass's mother from an evil chocolatier, SeƱor Hugo. To save her, they must track down a legendary, dangerous tuning fork that replicates flavors. The trio navigates a thrilling, chocolate-themed adventure filled with riddles and secret societies, ultimately facing imprisonment when trying to stop the villains from utilizing the fork. | ||
| 650 | _aMystery | ||
| 650 | _aAdventure | ||
| 700 | _aPseudonymous Bosch | ||
| 942 |
_2ddc _cFIC. _eFirst Edition _hFic. _n0 |
||
| 999 |
_c8491 _d8491 |
||